[Event "Hessen-ch Seniors op 09th"]
[Site "Bad Sooden-Allendorf"]
[Date "2013.04.26"]
[Round "7"]
[White "Fritsch, Wolfgang"]
[Black "Graffenberger, Marianne"]
[Result "0-1"]
[WhiteElo "1845"]
[BlackElo "1493"]
[PlyCount "108"]
[EventDate "2013.04.20"]
[EventType "swiss"]
[EventRounds "9"]
[EventCountry "GER"]
[SourceTitle "EXT 2019"]
[Source "ChessBase"]
[SourceDate "2018.10.10"]
[SourceVersion "1"]
[SourceVersionDate "2018.10.10"]
[SourceQuality "1"]

1. e4 e5 2. Nc3 Nf6 3. f4 Nc6 4. Nf3 d6 5. Bc4 Be7 6. d4 exd4 7. Nxd4 Bg4 8. Nf3 0-0 9. 0-0 Na5 10. Be2 c5 11. h3 Bxf3 12. Bxf3 Qb6 13. Kh1 Rad8 14. Qe2 Nc6 15. Nd5 Qa6 16. Qxa6 bxa6 17. Nxe7+ Nxe7 18. Bd2 d5 19. e5 Ne4 20. Bxe4 dxe4 21. Rad1 Nf5 22. Kh2 h5 23. Ba5 Rxd1 24. Rxd1 Ne3 25. Re1 Nxc2 26. Rxe4 Rc8 27. Rc4 Ne3 28. Rc1 c4 29. Kg1 Rb8 30. Bd2 Nf5 31. Bc3 h4 32. Rd1 Rb7 33. Kf2 Ng3 34. Rd4 Rc7 35. Kf3 Nf5 36. Rd8+ Kh7 37. Ke4 Ng3+ 38. Kd5 Nf5 39. Bb4 Ne3+ 40. Kd6 Rb7 41. Bc3 Nf5+ 42. Kd5 Rc7 43. Bd4 Ne7+ 44. Kd6 Rb7 45. Rd7 Nf5+ 46. Kc6 Rxd7 47. Kxd7 Nxd4 48. Kd6 Nf5+ 49. Kd5 Ne3+ 50. Kc5 Nxg2 51. f5 Nf4 52. Kxc4 Nxh3 53. Kd5 Nf4+ 54. Kd6 h3 0-1

[Event "Hessen-ch Seniors op 08th"]
[Site "Bad Sooden-Allendorf"]
[Date "2012.04.16"]
[Round "3"]
[White "Fritsch, Wolfgang"]
[Black "Knaak, Joachim"]
[Result "0-1"]
[WhiteElo "1855"]
[BlackElo "2172"]
[PlyCount "44"]
[EventDate "2012.04.14"]
[EventType "swiss"]
[EventRounds "9"]
[EventCountry "GER"]
[SourceTitle "EXT 2019"]
[Source "ChessBase"]
[SourceDate "2018.10.10"]
[SourceVersion "1"]
[SourceVersionDate "2018.10.10"]
[SourceQuality "1"]

1. e4 g6 2. d4 Bg7 3. Nf3 d6 4. c3 Nf6 5. e5 dxe5 6. Nxe5 0-0 7. Be2 c5 8. dxc5 Qc7 9. Bf4 g5 10. Bg3 Ne4 11. Nd3 Nxg3 12. hxg3 Rd8 13. g4 Nd7 14. Qc2 Nf6 15. Nd2 Nxg4 16. 0-0-0 Bf5 17. Bxg4 Bxd3 18. Qb3 Qxc5 19. Nf3 Bg6 20. Bh5 Qxf2 21. Bxg6 hxg6 22. Qxb7 Rab8 0-1

[Event "Hessen-ch Seniors op 08th"]
[Site "Bad Sooden-Allendorf"]
[Date "2012.04.14"]
[Round "1"]
[White "Fritsch, Wolfgang"]
[Black "Daebel, Hasso"]
[Result "1-0"]
[WhiteElo "1855"]
[BlackElo "1707"]
[PlyCount "77"]
[EventDate "2012.04.14"]
[EventType "swiss"]
[EventRounds "9"]
[EventCountry "GER"]
[SourceTitle "EXT 2019"]
[Source "ChessBase"]
[SourceDate "2018.10.10"]
[SourceVersion "1"]
[SourceVersionDate "2018.10.10"]
[SourceQuality "1"]

1. e4 c5 2. Nf3 d6 3. d4 cxd4 4. Nxd4 a6 5. c4 e5 6. Nf3 Nf6 7. Nc3 Nbd7 8. Be2 h6 9. h3 Nc5 10. Qc2 Bd7 11. Be3 Qc8 12. Rd1 Qc6 13. Nd2 b6 14. f4 Rd8 15. 0-0 Be7 16. f5 Qc7 17. b4 Nb7 18. Rc1 0-0 19. Na4 Bxa4 20. Qxa4 Ra8 21. Qb3 Qd8 22. Bf3 Nd7 23. Rfd1 Bg5 24. Nf1 Bxe3+ 25. Nxe3 Nf6 26. c5 Rc8 27. c6 Nc5 28. bxc5 bxc5 29. Qc4 Qc7 30. Nd5 Qa7 31. Kh2 Ne8 32. Rb1 Kh8 33. Rb7 Qa8 34. Nb6 Rb8 35. Nxa8 Rxa8 36. Rdb1 Nf6 37. Qc1 Rfd8 38. c7 Rd7 39. Rb8+ 1-0

[Event "GER H-2183-D email"]
[Site "GER email"]
[Date "2012.02.28"]
[Round "?"]
[White "Fritsch, Wolfgang"]
[Black "Preusse, Goetz"]
[Result "0-1"]
[WhiteElo "1739"]
[BlackElo "1946"]
[PlyCount "72"]
[EventDate "2012.??.??"]
[EventType "tourn (corr)"]
[EventRounds "6"]
[EventCountry "GER"]
[SourceTitle "Corr 2015"]
[Source "ChessBase"]
[SourceDate "2015.07.17"]
[SourceVersion "1"]
[SourceVersionDate "2015.07.17"]
[SourceQuality "1"]

1. e4 e6 2. d4 d5 3. exd5 exd5 4. Bd3 Bd6 5. Ne2 Ne7 6. Bf4 Nbc6 7. c3 a6 8. Nd2 Bf5 9. Qc2 Bxd3 10. Qxd3 0-0 11. 0-0 Re8 12. Rae1 Ng6 13. Bxd6 Qxd6 14. Ng3 Nf4 15. Qc2 Qg6 16. Qxg6 hxg6 17. Re3 f6 18. Rfe1 Rxe3 19. Rxe3 Kf7 20. Ne2 Ne6 21. g3 g5 22. Kg2 g4 23. f3 gxf3+ 24. Nxf3 Ne7 25. g4 Nc8 26. h4 Nd6 27. Nd2 g6 28. Rf3 c6 29. Ng3 Rh8 30. h5 Rg8 31. hxg6+ Rxg6 32. Nf5 Nxf5 33. Rxf5 Rxg4+ 34. Kh3 Rg1 35. Nf3 Rh1+ 36. Kg4 Ng7 0-1

[Event "Hessen-ch Seniors op 07th"]
[Site "Bad Sooden-Allendorf"]
[Date "2011.05.07"]
[Round "8"]
[White "Kleist, Werner"]
[Black "Fritsch, Wolfgang"]
[Result "0-1"]
[WhiteElo "1629"]
[BlackElo "1657"]
[PlyCount "76"]
[EventDate "2011.04.30"]
[EventType "swiss"]
[EventRounds "9"]
[EventCountry "GER"]
[SourceTitle "EXT 2012"]
[Source "ChessBase"]
[SourceDate "2011.11.24"]
[SourceVersion "1"]
[SourceVersionDate "2011.11.24"]
[SourceQuality "1"]

1. b4 e6 2. b5 a6 3. c4 axb5 4. cxb5 c6 5. e4 d5 6. e5 f6 7. d4 Bb4+ 8. Bd2 Bxd2+ 9. Nxd2 fxe5 10. Qh5+ g6 11. Qxe5 Nf6 12. Ngf3 0-0 13. Bd3 Qe7 14. 0-0 Nbd7 15. Qc7 Ne8 16. Qg3 Qd6 17. Ne5 Nxe5 18. dxe5 Qb4 19. Nf3 c5 20. Qg5 Qf4 21. Qe7 c4 22. Ng5 Ng7 23. g3 Qxe5 24. Rae1 Qf6 25. Qxf6 Rxf6 26. Bb1 Ra5 27. Re5 Rxb5 28. Ne4 Rf5 29. Nd6 Rxe5 30. Nxb5 Ne8 31. a4 Bd7 32. Bc2 Bxb5 33. axb5 Re2 34. Bd1 Rb2 35. Ba4 Ra2 36. Bd1 Ra1 37. Kg2 Kg7 38. Bg4 Rxf1 0-1

[Event "GER HE-2164-D email"]
[Site "GER email"]
[Date "2010.??.??"]
[Round "?"]
[White "Fritsch, Wolfgang"]
[Black "Zimmermann, Rudolf"]
[Result "1/2-1/2"]
[WhiteElo "1739"]
[BlackElo "1875"]
[PlyCount "57"]
[EventDate "2010.??.??"]
[EventType "tourn (corr)"]
[EventRounds "6"]
[EventCountry "GER"]
[SourceTitle "Corr 2015"]
[Source "ChessBase"]
[SourceDate "2015.07.17"]
[SourceVersion "1"]
[SourceVersionDate "2015.07.17"]
[SourceQuality "1"]

1. e4 c5 2. Nf3 Nc6 3. d4 cxd4 4. Nxd4 e5 5. Nb5 d6 6. N1c3 a6 7. Na3 Nf6 8. Bg5 Be7 9. Nc4 Nd4 10. Ne3 Ne6 11. Bxf6 Bxf6 12. Nf5 Nd4 13. Nxd4 exd4 14. Nd5 Be6 15. Nxf6+ Qxf6 16. Bd3 0-0 17. 0-0 Rac8 18. Qd2 Rc6 19. Qb4 Rb8 20. a3 b5 21. a4 Bc4 22. axb5 Bxb5 23. Rfd1 Rbc8 24. Bxb5 axb5 25. Qxd4 Qxd4 26. Rxd4 Rxc2 27. Rxd6 Rxb2 28. Rad1 h5 29. Rd8+ 1/2-1/2

[Event "Bad Bevensen Seniors op 12th"]
[Site "Bad Bevensen"]
[Date "2009.07.14"]
[Round "8"]
[White "Fritsch, Wolfgang"]
[Black "Hellwege, Werner"]
[Result "0-1"]
[WhiteElo "1647"]
[BlackElo "1860"]
[PlyCount "120"]
[EventDate "2009.07.07"]
[EventType "swiss"]
[EventRounds "9"]
[EventCountry "GER"]
[SourceTitle "EXT 2022"]
[Source "ChessBase"]
[SourceDate "2021.10.06"]
[SourceVersion "1"]
[SourceVersionDate "2021.10.06"]
[SourceQuality "1"]

1. e4 c5 2. Nf3 d6 3. d4 cxd4 4. Nxd4 Nf6 5. Nc3 a6 6. Be2 e6 7. 0-0 Qc7 8. Be3 Nbd7 9. Nb3 b5 10. a3 Bb7 11. f3 Rc8 12. Rc1 d5 13. exd5 Nxd5 14. Nxd5 Bxd5 15. Nd2 Bd6 16. g3 Bb7 17. c4 b4 18. axb4 Bxb4 19. Ne4 a5 20. Nc3 Bc6 21. Kg2 0-0 22. Qc2 Qb7 23. b3 f5 24. Nb1 Rb8 25. Bd2 Nc5 26. Bf4 Rbd8 27. Rcd1 Nd7 28. Bd6 Bxd6 29. Rxd6 e5 30. Nc3 Rc8 31. Rd2 Nc5 32. Rb1 e4 33. Nd5 Rfe8 34. Qc3 exf3+ 35. Bxf3 Ne4 36. Bxe4 fxe4 37. Ne3 Rcd8 38. Rbd1 Rd3 39. Rxd3 exd3+ 40. Nd5 Bxd5+ 41. cxd5 Qxd5+ 42. Kg1 Rd8 43. Qc4 Qxc4 44. bxc4 Rd4 45. h4 Kf7 46. Kf2 Ke6 47. Ke3 Ke5 48. Kd2 Rxc4 49. Ra1 a4 50. Kxd3 Rg4 51. Re1+ Kd5 52. Re3 Kc5 53. Kc3 Rc4+ 54. Kb2 Kb4 55. Rf3 Re4 56. Rf2 a3+ 57. Ka2 Re3 58. Rg2 Kc4 59. g4 Kd4 60. g5 Rh3 0-1

[Event "Bad Bevensen Seniors op 12th"]
[Site "Bad Bevensen"]
[Date "2009.07.10"]
[Round "4"]
[White "Fritsch, Wolfgang"]
[Black "Baeumcher, Karl"]
[Result "1/2-1/2"]
[WhiteElo "1647"]
[BlackElo "1450"]
[PlyCount "81"]
[EventDate "2009.07.07"]
[EventType "swiss"]
[EventRounds "9"]
[EventCountry "GER"]
[SourceTitle "EXT 2022"]
[Source "ChessBase"]
[SourceDate "2021.10.06"]
[SourceVersion "1"]
[SourceVersionDate "2021.10.06"]
[SourceQuality "1"]

1. e4 c5 2. Nf3 Nc6 3. d4 cxd4 4. Nxd4 e6 5. c4 Qb6 6. Nxc6 bxc6 7. Nc3 g6 8. Qc2 Bg7 9. Bd2 Bd4 10. Nd1 Rb8 11. Bc3 c5 12. b3 Ne7 13. Nb2 0-0 14. Be2 Bxc3+ 15. Qxc3 Qb4 16. Qxb4 cxb4 17. Rd1 Nc6 18. 0-0 f6 19. Rd2 e5 20. Nd1 Nd4 21. Ne3 Bb7 22. f3 a5 23. Nc2 Nxc2 24. Rxc2 Bc6 25. Rd1 Kf7 26. Kf2 Ke7 27. Ke3 g5 28. g3 h6 29. Bf1 Rfd8 30. Bh3 Bb7 31. Rcd2 Bc6 32. f4 d6 33. fxe5 dxe5 34. Rxd8 Rxd8 35. Rxd8 Kxd8 36. Be6 Kc7 37. Bd5 Bd7 38. h4 Kd6 39. hxg5 hxg5 40. Bf7 Kc5 41. Bg6 1/2-1/2

[Event "Hessen-ch Seniors op 05th"]
[Site "Bad Sooden-Allendorf"]
[Date "2009.04.25"]
[Round "1"]
[White "Oud, Niek"]
[Black "Fritsch, Wolfgang"]
[Result "1/2-1/2"]
[WhiteElo "1752"]
[BlackElo "1624"]
[PlyCount "56"]
[EventDate "2009.04.25"]
[EventType "swiss"]
[EventRounds "9"]
[EventCountry "GER"]
[SourceTitle "EXT 2022"]
[Source "ChessBase"]
[SourceDate "2021.10.06"]
[SourceVersion "1"]
[SourceVersionDate "2021.10.06"]
[SourceQuality "1"]

1. d4 Nf6 2. c4 e6 3. Nc3 d5 4. Bg5 Be7 5. Nf3 0-0 6. e3 b6 7. Rc1 Bb7 8. Bxf6 Bxf6 9. cxd5 exd5 10. Bd3 Nd7 11. 0-0 c5 12. Bb1 a6 13. Qc2 g6 14. Rfd1 Rc8 15. Qe2 Re8 16. h3 c4 17. e4 dxe4 18. Bxe4 b5 19. Qc2 Qc7 20. Re1 Bg7 21. Rcd1 Bxe4 22. Nxe4 Nf6 23. Nxf6+ Bxf6 24. Rxe8+ Rxe8 25. b3 c3 26. b4 a5 27. a3 axb4 28. axb4 Qc4 1/2-1/2

[Event "GER-ch Seniors-B 20th"]
[Site "Erfurt"]
[Date "2008.08.11"]
[Round "7"]
[White "Krause, Werner1111"]
[Black "Fritsch, Wolfgang"]
[Result "0-1"]
[WhiteElo "1496"]
[BlackElo "1646"]
[PlyCount "72"]
[EventDate "2008.08.05"]
[EventType "swiss"]
[EventRounds "9"]
[EventCountry "GER"]
[SourceTitle "CBM 126 Extra"]
[Source "ChessBase"]
[SourceDate "2008.11.05"]
[SourceVersion "1"]
[SourceVersionDate "2008.11.05"]
[SourceQuality "1"]

1. Nc3 d5 2. e4 dxe4 3. Nxe4 Bf5 4. Ng3 Bg6 5. Nf3 e6 6. Bc4 Nd7 7. d3 Bd6 8. Bg5 Be7 9. Qd2 Ngf6 10. 0-0-0 h6 11. Bf4 Nh5 12. Kb1 Nxf4 13. Qxf4 Bd6 14. Qe3 0-0 15. h4 Nf6 16. h5 Bh7 17. Rh3 Re8 18. Nh2 c6 19. f3 Qc7 20. Nhf1 Nd5 21. Qf2 Qb6 22. Qxb6 axb6 23. Ne4 Bc7 24. g4 Nf4 25. Rh1 Ra5 26. Nfd2 Nd5 27. Rdg1 Bf4 28. Nb3 Raa8 29. Nd4 Be3 30. Rg2 Bxd4 31. g5 hxg5 32. Nxg5 Bf6 33. Ne4 Bxe4 34. fxe4 Ne3 35. Rgh2 Nxc4 36. dxc4 Kh7 0-1

[Event "Hessen-ch Seniors op 04th"]
[Site "Bad Sooden-Allendorf"]
[Date "2008.05.02"]
[Round "9"]
[White "Narr, Irmgard"]
[Black "Fritsch, Wolfgang"]
[Result "0-1"]
[WhiteElo "1590"]
[BlackElo "1683"]
[PlyCount "134"]
[EventDate "2008.04.24"]
[EventType "swiss"]
[EventRounds "9"]
[EventCountry "GER"]
[SourceTitle "EXT 2022"]
[Source "ChessBase"]
[SourceDate "2021.10.06"]
[SourceVersion "1"]
[SourceVersionDate "2021.10.06"]
[SourceQuality "1"]

1. e4 e5 2. Nf3 Nf6 3. Nxe5 d6 4. Nf3 Nxe4 5. Nc3 Nxc3 6. dxc3 Be7 7. Bc4 0-0 8. Be3 Nc6 9. Nd4 Ne5 10. Bd3 Nxd3+ 11. cxd3 c5 12. Nf3 Bg4 13. h3 Bh5 14. g4 Bg6 15. Qd2 Qb6 16. 0-0 Qc6 17. Ne1 Qd7 18. f3 f5 19. g5 f4 20. Bxf4 Qxh3 21. Rf2 Qf5 22. Be3 d5 23. d4 cxd4 24. Qxd4 b6 25. Rd1 Rad8 26. Qd2 Bh5 27. Qd3 Bxg5 28. Bxg5 Qxg5+ 29. Rg2 Qf4 30. Rh2 Bg6 31. Qd4 Qxd4+ 32. Rxd4 Rfe8 33. Kf2 Re5 34. Ng2 Bb1 35. a3 Ba2 36. Nf4 Rde8 37. Kg3 Bc4 38. Rhd2 Rd8 39. Nh3 Re2 40. f4 Rde8 41. Ng5 h6 42. Nf3 R8e3 43. Rxe2 Rxe2 44. Rd2 Rxd2 45. Nxd2 Kf7 46. Kf3 Ke6 47. Ke3 Kf5 48. Nf3 a5 49. b4 axb4 50. axb4 h5 51. Ne5 h4 52. Nf3 Kg4 53. f5 Kg3 54. Ng5 h3 55. Nxh3 Kxh3 56. Kf4 Kh4 57. Ke5 Kg5 58. b5 Bb3 59. Kd6 Kxf5 60. Kc6 g5 61. Kxb6 g4 62. Kc7 g3 63. b6 g2 64. b7 g1Q 65. b8Q Qg3+ 66. Kb7 Qxb8+ 67. Kxb8 Ke4 0-1

[Event "Hessen-ch Seniors op 04th"]
[Site "Bad Sooden-Allendorf"]
[Date "2008.04.25"]
[Round "2"]
[White "Perk, Egbert"]
[Black "Fritsch, Wolfgang"]
[Result "1-0"]
[WhiteElo "1871"]
[BlackElo "1683"]
[PlyCount "99"]
[EventDate "2008.04.24"]
[EventType "swiss"]
[EventRounds "9"]
[EventCountry "GER"]
[SourceTitle "EXT 2022"]
[Source "ChessBase"]
[SourceDate "2021.10.06"]
[SourceVersion "1"]
[SourceVersionDate "2021.10.06"]
[SourceQuality "1"]

1. d4 Nf6 2. c4 e6 3. Nf3 b6 4. g3 Bb7 5. Bg2 Be7 6. 0-0 0-0 7. Nc3 d5 8. b3 Nbd7 9. Bb2 Rc8 10. cxd5 exd5 11. e3 Re8 12. Rc1 Bb4 13. a3 Bf8 14. Bh3 Ra8 15. Qc2 c5 16. Rfd1 Qc7 17. Rd2 Ne4 18. Nxe4 dxe4 19. Ne1 Nf6 20. dxc5 Qxc5 21. Qd1 Qh5 22. Qxh5 Nxh5 23. Rc7 Ba6 24. Bf1 Bxf1 25. Kxf1 Re7 26. Rdd7 Rxd7 27. Rxd7 Nf6 28. Rd2 Be7 29. Ke2 Rd8 30. Rxd8+ Bxd8 31. f3 exf3+ 32. Kxf3 Nd7 33. Nd3 f6 34. Ke4 Be7 35. Kd5 Nc5 36. Nxc5 Bxc5 37. e4 Kf7 38. a4 Ke7 39. g4 Kd7 40. h3 Be7 41. Bd4 Bb4 42. Kc4 Bd6 43. Kb5 Kc7 44. Ka6 Kb8 45. a5 bxa5 46. Bxa7+ Kc7 47. Kxa5 Kc6 48. b4 Kc7 49. b5 Kb7 50. Bd4 1-0

[Event "GER H-2156 D email"]
[Site "GER email"]
[Date "2008.02.18"]
[Round "?"]
[White "Fritsch, Wolfgang"]
[Black "Walka, Wolfram"]
[Result "0-1"]
[WhiteElo "1739"]
[BlackElo "1904"]
[PlyCount "90"]
[EventDate "2008.??.??"]
[EventType "tourn (corr)"]
[EventRounds "6"]
[EventCountry "GER"]
[SourceTitle "Corr 2011"]
[Source "ChessBase"]
[SourceDate "2010.08.31"]
[SourceVersion "1"]
[SourceVersionDate "2010.08.31"]
[SourceQuality "1"]

1. e4 e5 2. Nf3 Nc6 3. Bb5 a6 4. Ba4 Nf6 5. Qe2 b5 6. Bb3 Bc5 7. a4 Rb8 8. axb5 axb5 9. d3 d6 10. Be3 0-0 11. 0-0 Nd4 12. Bxd4 Bxd4 13. Nxd4 exd4 14. c3 dxc3 15. bxc3 c5 16. Nd2 Be6 17. Bxe6 fxe6 18. f4 b4 19. cxb4 cxb4 20. Nb3 Rc8 21. Ra6 Ra8 22. Rfa1 Rxa6 23. Rxa6 e5 24. Qd2 exf4 25. Qxb4 Ng4 26. Qe1 Qb8 27. Qc3 d5 28. e5 Rc8 29. Rc6 Rxc6 30. Qxc6 Qxe5 31. Qc8+ Kf7 32. Qd7+ Kf6 33. Qc6+ Kg5 34. Qc1 Kh5 35. h3 Ne3 36. Qa1 Qc7 37. Qc1 Qb6 38. Nc5 Qa5 39. Nb3 Qb4 40. Nc5 g5 41. Kh1 Qd4 42. Kh2 g4 43. Ne6 Qf6 44. Nc5 gxh3 45. gxh3 Qg7 0-1

[Event "GER H-2156 D email"]
[Site "GER email"]
[Date "2008.02.18"]
[Round "?"]
[White "Krumm, Guenther"]
[Black "Fritsch, Wolfgang"]
[Result "1-0"]
[WhiteElo "2092"]
[BlackElo "1739"]
[PlyCount "53"]
[EventDate "2008.??.??"]
[EventType "tourn (corr)"]
[EventRounds "6"]
[EventCountry "GER"]
[SourceTitle "Corr 2011"]
[Source "ChessBase"]
[SourceDate "2010.08.31"]
[SourceVersion "1"]
[SourceVersionDate "2010.08.31"]
[SourceQuality "1"]

1. d4 Nf6 2. c4 e6 3. Nf3 b6 4. g3 Bb7 5. Bg2 d5 6. 0-0 Be7 7. Nc3 0-0 8. Ne5 Qc8 9. cxd5 exd5 10. Bg5 c6 11. e4 Ba6 12. Re1 dxe4 13. Nxe4 Nd5 14. Bxe7 Nxe7 15. Ng5 Nd7 16. Nexf7 Rxf7 17. Bh3 Qb7 18. Nxf7 Kxf7 19. Qh5+ Ng6 20. Be6+ Ke8 21. Qxh7 Ne7 22. Qh8+ Nf8 23. Qxg7 Nxe6 24. Rxe6 Bc4 25. Re3 Bf7 26. Rae1 Rd8 27. Rf3 1-0

[Event "GER H-2155 D email"]
[Site "GER email"]
[Date "2008.02.08"]
[Round "?"]
[White "Fritsch, Wolfgang"]
[Black "Schwibbe, Rudolf"]
[Result "0-1"]
[WhiteElo "1739"]
[BlackElo "1811"]
[PlyCount "58"]
[EventDate "2008.??.??"]
[EventType "tourn (corr)"]
[EventRounds "6"]
[EventCountry "GER"]
[SourceTitle "Corr 2011"]
[Source "ChessBase"]
[SourceDate "2010.08.31"]
[SourceVersion "1"]
[SourceVersionDate "2010.08.31"]
[SourceQuality "1"]

1. e4 e6 2. Qe2 c5 3. f4 Nc6 4. Nf3 Be7 5. c3 d5 6. exd5 exd5 7. d4 Nf6 8. dxc5 0-0 9. Be3 Re8 10. Ne5 Nxe5 11. fxe5 Bg4 12. Qb5 Qc7 13. Bd4 Bxc5 14. Nd2 Rxe5+ 15. Bxe5 Qxe5+ 16. Be2 a6 17. Qd3 Re8 18. Nf3 Qe7 19. Rc1 Bf5 20. Qd1 Ng4 21. Nd4 Bxd4 22. cxd4 Ne3 23. Qd2 Nxg2+ 24. Kf2 Nf4 25. Qxf4 Qxe2+ 26. Kg1 Bh3 27. Qf2 Qg4+ 28. Qg3 Qxd4+ 29. Qf2 Re3 0-1